005460000a22001570004500003001100000008004100011040003900052041000800091082001500099111008600114245005900200260005800259300001000317650002200327650003900349LK-CoMWRAF230817t2006 ||||| |||| 00| 0 eng d aLK-CoMWRAFdLK-CoMWRAFeLK-CoMWRAF aeng a362.4bDIS aNATIONAL CONFERENCE ON DISABILITY RIGHTSc( BMICH, Colombod22-24 February, 2006) aReport on the National Conference on Disability Rights aColombo:bHuman Rights Commission of Sri Lanka,c2006 a54 p. aDISABILITY RIGHTS aHuman rights- Congresses-Sri Lanka